| 000 | 01249cam a2200373 i 4500 | ||
|---|---|---|---|
| 001 | 29232 | ||
| 003 | Mx-PuUPA | ||
| 005 | 20250811092802.0 | ||
| 008 | 140415s1965 sp gr 000 f spa d | ||
| 017 | _aB 35611-1965 | ||
| 040 |
_cMx-PuUPA _aMx-PuUPA _bspa _dMx-PuUPA _erda |
||
| 041 | 1 |
_aspa _heng |
|
| 043 | _ae-pl--- | ||
| 100 | 1 |
_aUris, Leon, _d1924-2003 _917336 _eautor |
|
| 240 | 1 | 0 |
_aMila 18. _lEspañol |
| 245 | 1 | 0 |
_aMila 18 / _cLeon Uris ; traducción al español de Baldomero Porta |
| 250 |
_a7a. edición / _bdiciembre |
||
| 264 | 1 |
_aBarcelona, España : _bEditorial Bruguera, _c1965 _c©1961 |
|
| 300 |
_a558 páginas ; _c22 cm |
||
| 336 |
_2rdacontent _atexto _btxt |
||
| 337 |
_2rdamedia _asin medio _bn |
||
| 338 |
_2rdacarrier _avolumen _bnc |
||
| 490 | 0 | _aJoyas literarias | |
| 490 | 0 | _aLos maestros de hoy | |
| 650 | 7 |
_2armarc _aCrimen y suspenso _vNovela |
|
| 651 | 4 |
_aVarsovia (Polonia) _xHistoria _xLevantamiento del Gueto de Varsovia _y1943 _vNovela |
|
| 655 | 4 | _aNovela | |
| 700 | 1 |
_aPorta, Baldomero, _etraductor |
|
| 765 | 0 |
_aUris, Leon _d©1961 _tMila 18 |
|
| 942 |
_2ddc _cLI _h813.54 _iU7618 |
||
| 999 |
_c29232 _d29232 |
||